| 000 | 00478nam a2200181Ia 4500 | ||
|---|---|---|---|
| 003 | OSt | ||
| 005 | 20230608161949.0 | ||
| 008 | 210423s2005 xx 000 0 und d | ||
| 040 | _cAL | ||
| 082 |
_a158.7 SHAA _223 |
||
| 100 |
_aSHARMA (Ramnath);CHANDRA (S S). _9122912 |
||
| 245 | _aAdvanced industrial psychology. | ||
| 260 |
_aUSA _bBlackwell Publications _c2005 |
||
| 365 |
_b550 _cINR |
||
| 440 | _v1 | ||
| 906 | _aAdvanced ; industrial ; psychology. | ||
| 942 |
_2ddc _cBK |
||
| 999 |
_c174102 _d174102 |
||